Statistics for The Shark Quiz

Click here to take the quiz!

General Stats

  • This quiz has been taken 822 times
  • The average score is 10 of 16

Answer Stats

HintAnswer% Correct
Infamously featured in JawsGreat White Shark
98%
Its oddly shaped head allows it to sense the electrical fields of moving preyHammerhead Shark
91%
This gentle giant is the largest shark alive today reaching 60 feet long (20 meters)Whale Shark
91%
Named the 'deadliest shark', named after its aggressive behavior like a famous spanish animalBull Shark
86%
It's so aggressive that babies born inside the womb fight and kill each other for dominanceSand Tiger Shark
84%
This shark's torpedo shaped body makes it the fastest shark in the worldMako Shark
72%
An extinct species of shark that's said to have been as long as a school busMegalodon
70%
They get into vicious feeding franzies, named after the color of its dorsal finWhitetip Shark
64%
One of the dealiest, it's known for its yellowish hueLemon Shark
59%
Has a long snout shaped like a tool for cuttingSaw Shark
56%
Most commonly used to make Sharkfin Soup, they are the most overfished shark because of their abundanceBlue Shark
53%
A deepsea shark that was found in Japan, also featured on National GeographicGoblin Shark
47%
While not as big, can bite through a nuclear submarineCookiecutter Shark
31%
Use camouflage on the sea bed to sneak attack prey, resembles a carpetWobbegong Shark
31%
A living fossil that is said to resemble a 'sea-serpent'Frilled Shark
22%
Another prehistoric shark whose lower jaw hung out in a spiralHelicoprion
15%

Score Distribution

Percentile by Number Answered

Percent of People with Each Score

Your Score History

You have not taken this quiz